<?xml version="1.0" encoding="UTF-8"?>
<marc:record xmlns:marc="http://www.loc.gov/MARC21/slim">
   <marc:leader>00000nam a2200000 a 4500</marc:leader>
   <marc:datafield ind1="1" ind2=" " tag="100">
      <marc:subfield code="a">Kröhnke, Friedrich</marc:subfield>
      <marc:subfield code="4">aut</marc:subfield>
      <marc:subfield code="e">Verfasser/-in</marc:subfield>
   </marc:datafield>
   <marc:datafield ind1=" " ind2=" " tag="653">
      <marc:subfield code="a">Betrüger</marc:subfield>
   </marc:datafield>
   <marc:datafield ind1=" " ind2=" " tag="653">
      <marc:subfield code="a">Aufklärung</marc:subfield>
   </marc:datafield>
   <marc:datafield ind1=" " ind2=" " tag="653">
      <marc:subfield code="a">Softcover / Belletristik/Erzählende Literatur</marc:subfield>
   </marc:datafield>
   <marc:datafield ind1=" " ind2=" " tag="653">
      <marc:subfield code="a">Fiktionale Darstellung</marc:subfield>
   </marc:datafield>
   <marc:datafield ind1=" " ind2=" " tag="653">
      <marc:subfield code="a">Erzählende Literatur</marc:subfield>
   </marc:datafield>
   <marc:datafield ind1="0" ind2="0" tag="245">
      <marc:subfield code="a">Diebsgeschichte</marc:subfield>
   </marc:datafield>
   <marc:datafield ind1="0" ind2="0" tag="245">
      <marc:subfield code="c">Friedrich Kröhnke</marc:subfield>
   </marc:datafield>
   <marc:datafield ind1=" " ind2="1" tag="264">
      <marc:subfield code="a">Salzburg</marc:subfield>
      <marc:subfield code="b">Müry Salzmann</marc:subfield>
   </marc:datafield>
   <marc:datafield ind1=" " ind2=" " tag="250">
      <marc:subfield code="a">1. Aufl.</marc:subfield>
   </marc:datafield>
   <marc:datafield ind1="1" ind2=" " tag="520">
      <marc:subfield code="a">Angaben aus der Verlagsmeldung

Diebsgeschichte / von Friedrich Kröhnke

In den Krimis der alten Meister sind die Taschendiebe Gentlemen, Kavaliere des Verbrechens, die ihrem Gewerbe mit Eleganz und Stil nachgehen. Von dieser eigenartigen Faszination erzählt auch Friedrich Kröhnkes neue Novelle „Diebsgeschichte“, ein virtuoses Stück Literatur, das so klassisch ist wie sein Thema.
An der Berliner U-Bahn-Station Möckernbrücke treiben Fremde ihr Unwesen. Man weiß nicht, ob es Armenier oder Türken oder gar Finnen sind. Dass es Trickdiebe sind, ist allerdings klar. Die unterirdischen Vorgänge werden von einem Mann beobachtet, der wie aus der Welt gefallen ist. Ein ehemaliger Bibliothekar ist dieser Frieling, ein weit Gereister und Flaneur, der jetzt seine Zeit damit zubringt, durch Berlin zu schlendern. Was er an der wieder und wieder besuchten Möckernbrücke sieht, lässt ihn immer weiter stürzen, zieht ihn hinein in einen Sog aus Komplizenschaft und Angst, aus Klarsicht und Einbildung.
Wie der helllichte Tag zum tiefen Dunkel werden kann, schildert Friedrich Kröhnke in jener erzählerischen Lakonie, die seine Romane „Ciao Vaschek“ und „Wie in schönen Filmen“ berühmt gemacht hat.
</marc:subfield>
   </marc:datafield>
   <marc:datafield ind1=" " ind2=" " tag="020">
      <marc:subfield code="a">9783990141090</marc:subfield>
      <marc:subfield code="9">9783990141090</marc:subfield>
   </marc:datafield>
   <marc:datafield ind1=" " ind2=" " tag="041">
      <marc:subfield code="a">ger</marc:subfield>
   </marc:datafield>
   <marc:datafield ind1=" " ind2=" " tag="300">
      <marc:subfield code="a">130 Seiten</marc:subfield>
   </marc:datafield>
</marc:record>
